000 03017cam a22004217i 4500
001 data
005 20260322212115.0
008 data
035 _a22545030
906 _a7
_bcbc
_ccopycat
_d3
_encip
_f20
_gy-gencatlg
925 0 _aacquire
_b1 shelf copy
_xpolicy default
010 _a 2020415938
015 _aGBC0F5515
_2bnb
016 7 _a019972292
_2Uk
020 _a9781526766120
_q(hardcover)
020 _a1526766124
_q(hardcover)
035 _a(OCoLC)1137736126
040 _aYDX
_beng
_cYDX
_erda
_dDLC
_dOCLCQ
_dUKMGB
_dOCLCO
_dOCLCF
_dYDXIT
_dCNTAB
_dOCLCQ
_dDLC
042 _alccopycat
050 0 0 _aBL803
_b.C47 2020
082 0 4 _a398.27810937
_223
100 1 _aChrystal, Paul,
_eauthor.
245 1 0 _aWar in Roman myth and legend /
_cPaul Chrystal.
264 1 _aPhiladelphia :
_aPhiladelphia :
_bPen & Sword Military,
_c2020.
300 _axxi, 231 pages, 16 unnumbered pages of plates :
_bcolor illustrations, maps ;
_c24 cm
336 _atext
_btxt
_2rdacontent
337 _aunmediated
_bn
_2rdamedia
338 _avolume
_bnc
_2rdacarrier
504 _aIncludes bibliographical references and index.
505 2 _aInterpretatio Romana -- 'Translating' the Greek and the Beginnings of Roman History -- The Gods of War -- Wall-to-Wall War & the Fetiales -- The Aeneas Foundation Myth: From Troy to Italy -- The Aeneas Foundation Myth: The Italian Wars -- The Romulus and Remus Foundation Myth -- Abduction, Rape and Murdering Your Daughter -- All in the Name of History -- Warlike Women in Roman Epic -- Trojan Heroes -- Horace and Propertius -- Ovid -- The Theban Legion Massacre 286 CE: Myth or History -- The View from the Bridge: The Vision of Constantine
520 _aThis book redresses the relative lack of work published on the role of war in classical myth and legend. At the same time it debunks the popular view that the Romans had little mythology of their own and idly borrowed and adapted Greek myth to suit their own ends. While this true to some extent, War in Roman Myth & Legend clearly demonstrates a rich and meaningful independent mythology at work in Roman culture. The book opens by addressing how the Romans did adopt and adapt Greek myths to fashion the beginnings of Roman history; it goes on to discuss the Roman gods of war and the ubiquity of war in Roman society and politics and how this was reflected in the Aeneas Foundation Myth, the Romulus and Remus Foundation Myth and the legends associated with the founding of Rome. Warlike Women in Roman Epic and Trojan heroes are discussed next and the use of mythology by Roman poets other than Virgil. The Theban Legion and the vision of Constantine myths conclude the book.
650 0 _aMythology, Roman.
650 0 _aWar
_xMythology.
650 7 _aMythology, Roman.
_2fast
_0(OCoLC)fst01031887
650 7 _aWar
_xMythology.
_2fast
_0(OCoLC)fst01170355
923 _apurchase
_d20220525
_nI-2184394
_sProQuest
999 _c1742
_d1742